[Event "10th PKWN Festival it"]
[Site "Lublin POL"]
[Date "1974.??.??"]
[Round "1"]
[White "Anikaev, Yury"]
[Black "Lengyel, Levente"]
[Result "1/2-1/2"]
[WhiteElo "2455"]
[BlackElo "2420"]
[EventDate "1974.07.15"]
[PlyCount "29"]

1.d4 Nf6 2.c4 e6 3.Nf3 b6 4.g3 Bb7 5.Bg2 Be7 6.O-O O-O 7.Nc3 Ne4 8.Nxe4 
Bxe4 9.Ne1 d5 10.Qa4 c5 11.cxd5 Bxd5 12.dxc5 Bxc5 13.Nd3 Bxg2 14.Kxg2 Qd5+
15.f3 1/2-1/2

[Event "10th PKWN Festival it"]
[Site "Lublin POL"]
[Date "1974.??.??"]
[Round "1"]
[White "Damjanovic, Mato"]
[Black "Szymczak, Zbigniew"]
[Result "1/2-1/2"]
[WhiteElo "2460"]
[BlackElo "2200"]
[EventDate "1974.07.15"]
[PlyCount "133"]

1.e4 c5 2.Nf3 d6 3.d4 cxd4 4.Nxd4 Nf6 5.Nc3 g6 6.Bc4 Bg7 7.Be3 Nc6 8.f3 
O-O 9.Bb3 Bd7 10.Qd2 Qc7 11.O-O-O Rfc8 12.Kb1 Ne5 13.Bg5 Qd8 14.h4 Nc4 15.
Bxc4 Rxc4 16.Nde2 Qa5 17.Bxf6 Bxf6 18.Nd5 Qxd2 19.Nxf6+ Kg7 20.Nh5+ gxh5 
21.Rxd2 f6 22.Nf4 Be8 23.b3 Rc6 24.Rd5 e5 25.Ne2 Kf8 26.Ng3 Bg6 27.Kb2 Ke7
28.c4 Rac8 29.Rhd1 b6 30.a4 a5 31.R5d2 Rf8 32.Re1 Rfc8 33.Nf1 Bf7 34.Ne3 
Be6 35.g4 hxg4 36.fxg4 Rg8 37.Rf1 Rcc8 38.Rdf2 Rcf8 39.Ka3 h5 40.gxh5 Rh8 
41.Nd5+ Bxd5 42.cxd5 Rxh5 43.Rc2 Rf7 44.Rg1 Rxh4 45.Rc7+ Kf8 46.Rc8+ Ke7 
47.Rgg8 f5 48.Rce8+ Kd7 49.Ra8 Ke7 50.Rg6 Rfh7 51.exf5 R4h6 52.Ra7+ Kf8 
53.Rxh7 Rxh7 54.Rxd6 Rh5 55.Rxb6 Rxf5 56.d6 Ke8 57.Rb5 Kd7 58.Rd5 Rh5 59.
Rxa5 Kxd6 60.Rb5 Rh8 61.Kb4 Rc8 62.a5 e4 63.Rh5 e3 64.a6 e2 65.Rh1 Re8 66.
Re1 Kc6 67.Kc4 1/2-1/2

[Event "10th PKWN Festival it"]
[Site "Lublin POL"]
[Date "1974.??.??"]
[Round "1"]
[White "Tal, Mikhail"]
[Black "Georgadze, Tamaz"]
[Result "1-0"]
[WhiteElo "2635"]
[BlackElo "2435"]
[EventDate "1974.07.15"]
[PlyCount "35"]

1.c4 e5 2.Nc3 Nf6 3.Nf3 Nc6 4.d4 exd4 5.Nxd4 Bb4 6.Bg5 h6 7.Bh4 g5 8.Bg3 
Ne4 9.Qd3 d5 10.Nb5 Nxg3 11.Qxg3 d4 12.O-O-O O-O 13.Nd5 a6 14.Nxd4 Nxd4 
15.Nxb4 c5 16.Nd5 Qa5 17.e3 Nc6 18.h4 1-0

[Event "10th PKWN Festival it"]
[Site "Lublin POL"]
[Date "1974.??.??"]
[Round "1"]
[White "Vogt, Lothar"]
[Black "Pribyl, Josef"]
[Result "1/2-1/2"]
[WhiteElo "2430"]
[BlackElo "2455"]
[EventDate "1974.07.15"]
[PlyCount "22"]

1.e4 d6 2.d4 g6 3.Nf3 Bg7 4.Bc4 b6 5.O-O Bb7 6.Nc3 a6 7.Qe2 e6 8.Bg5 Ne7 
9.Rad1 h6 10.Be3 Nd7 11.Qd2 Nf6 1/2-1/2

[Event "10th PKWN Festival it"]
[Site "Lublin POL"]
[Date "1974.??.??"]
[Round "2"]
[White "Georgadze, Tamaz"]
[Black "Anikaev, Yury"]
[Result "1/2-1/2"]
[WhiteElo "2435"]
[BlackElo "2455"]
[EventDate "1974.07.15"]
[PlyCount "40"]

1.d4 Nf6 2.c4 g6 3.Nc3 d5 4.cxd5 Nxd5 5.e4 Nxc3 6.bxc3 c5 7.Bc4 Bg7 8.Ne2 
Nc6 9.Be3 cxd4 10.cxd4 b5 11.Bxb5 Qa5+ 12.Nc3 Qxc3+ 13.Bd2 Qxd4 14.Bxc6+ 
Bd7 15.Bxa8 Qxa1 16.Qxa1 Bxa1 17.O-O O-O 18.Rxa1 Rxa8 19.Rc1 Rc8 20.Rxc8+ 
Bxc8 1/2-1/2

[Event "10th PKWN Festival it"]
[Site "Lublin POL"]
[Date "1974.??.??"]
[Round "2"]
[White "Grabczewski, Romuald"]
[Black "Sydor, Andrzej"]
[Result "1/2-1/2"]
[WhiteElo "2425"]
[BlackElo "2395"]
[EventDate "1974.07.15"]
[PlyCount "31"]

1.e4 e5 2.Nf3 Nc6 3.Bb5 a6 4.Ba4 Nf6 5.d4 exd4 6.O-O Be7 7.e5 Ne4 8.Nxd4 
Nxd4 9.Qxd4 Nc5 10.Nc3 O-O 11.Nd5 d6 12.Nxe7+ Qxe7 13.exd6 Qxd6 14.Qxd6 
cxd6 15.Bb3 Nxb3 16.axb3 1/2-1/2

[Event "10th PKWN Festival it"]
[Site "Lublin POL"]
[Date "1974.??.??"]
[Round "2"]
[White "Lengyel, Levente"]
[Black "Vogt, Lothar"]
[Result "1/2-1/2"]
[WhiteElo "2420"]
[BlackElo "2430"]
[EventDate "1974.07.15"]
[PlyCount "30"]

1.Nf3 Nf6 2.g3 g6 3.b3 Bg7 4.Bb2 b6 5.Bg2 Bb7 6.c4 c5 7.Nc3 O-O 8.O-O d5 
9.Nxd5 Nxd5 10.Bxg7 Kxg7 11.cxd5 Qxd5 12.d4 Na6 13.dxc5 Qxd1 14.Rfxd1 Nxc5
15.b4 Ne6 1/2-1/2

[Event "10th PKWN Festival it"]
[Site "Lublin POL"]
[Date "1974.??.??"]
[Round "2"]
[White "Liebert, Heinz"]
[Black "Estrin, Yakov"]
[Result "1/2-1/2"]
[WhiteElo "2445"]
[BlackElo "2450"]
[EventDate "1974.07.15"]
[PlyCount "71"]

1.c4 e5 2.Nc3 Nc6 3.Nf3 f5 4.d4 e4 5.Bg5 Be7 6.Bxe7 Ncxe7 7.Nd2 Nf6 8.e3 
O-O 9.Be2 d6 10.f3 exf3 11.Bxf3 c6 12.O-O Be6 13.Qc2 d5 14.cxd5 Nexd5 15.
Nc4 f4 16.Nxd5 Nxd5 17.exf4 Nxf4 18.Rad1 Bd5 19.Kh1 Qg5 20.Ne3 Bxf3 21.
Rxf3 Nd5 22.Rg3 Nxe3 23.Qb3+ Qd5 24.Rxe3 Qxb3 25.Rxb3 Rf7 26.Kg1 Rd8 27.h3
h6 28.Rf1 Re7 29.Rf4 g5 30.Rg4 Kg7 31.h4 Kg6 32.hxg5 hxg5 33.Ra3 Kh5 34.
Rgg3 Rxd4 35.Rxa7 Rd2 36.b3 1/2-1/2

[Event "10th PKWN Festival it"]
[Site "Lublin POL"]
[Date "1974.??.??"]
[Round "2"]
[White "Nicevski, Risto"]
[Black "Suba, Mihai"]
[Result "0-1"]
[WhiteElo "2430"]
[BlackElo "2460"]
[EventDate "1974.07.15"]
[PlyCount "58"]

1.e4 Nf6 2.e5 Nd5 3.d4 d6 4.f4 Bf5 5.Nf3 e6 6.Bd3 Bxd3 7.Qxd3 Nc6 8.a3 
dxe5 9.fxe5 Qd7 10.O-O Be7 11.c4 Nb6 12.b4 O-O-O 13.Be3 f6 14.c5 Na8 15.
Qb3 fxe5 16.dxe5 Qd5 17.Qa4 Kb8 18.Nc3 Qd3 19.Nd1 Rhf8 20.Ra2 Nxe5 21.Rd2 
Qc4 22.Rc2 Qe4 23.c6 Nb6 24.Bxb6 axb6 25.cxb7 Kxb7 26.Nc3 Nxf3+ 27.gxf3 
Qe3+ 28.Kh1 Rxf3 29.Rfc1 Rf2 0-1

[Event "10th PKWN Festival it"]
[Site "Lublin POL"]
[Date "1974.??.??"]
[Round "2"]
[White "Pribyl, Josef"]
[Black "Pytel, Krzysztof"]
[Result "1/2-1/2"]
[WhiteElo "2455"]
[BlackElo "2405"]
[EventDate "1974.07.15"]
[PlyCount "115"]

1.d4 Nf6 2.Nf3 g6 3.c4 Bg7 4.Nc3 O-O 5.e4 d6 6.Be2 c5 7.O-O Na6 8.d5 e6 9.
h3 Re8 10.Bd3 Nc7 11.a4 b6 12.Bg5 h6 13.Bd2 a6 14.Ne1 Rb8 15.Qc1 Kh7 16.
Nc2 exd5 17.exd5 b5 18.b3 b4 19.Ne2 Ne4 20.Ra2 Nxd2 21.Qxd2 Qh4 22.Ne1 f5 
23.Nf3 Qf6 24.Nf4 Kg8 25.Re1 Bd7 26.Rc2 Qf7 27.h4 Bc3 28.Rxe8+ Rxe8 29.
Rxc3 bxc3 30.Qxc3 Bc8 31.b4 Qg7 32.Qxg7+ Kxg7 33.bxc5 dxc5 34.a5 Bd7 35.
Kf1 Kf6 36.d6 Ne6 37.Nd5+ Kg7 38.Ne5 Nf4 39.Ne7 Nxd3 40.Nxd3 Be6 41.Nxc5 
Bxc4+ 42.Kg1 Bb5 43.h5 gxh5 44.Nxf5+ Kf6 45.Nd4 Ke5 46.Nxb5 axb5 47.d7 Ra8
48.Kf1 b4 49.Ke2 Rd8 50.a6 Kd5 51.Nd3 Rxd7 52.Nxb4+ Kc5 53.Nd3+ Kd4 54.Nf4
h4 55.Kf3 Ra7 56.Kg4 Rxa6 57.Kxh4 Ke4 58.Nh3 1/2-1/2

[Event "10th PKWN Festival it"]
[Site "Lublin POL"]
[Date "1974.??.??"]
[Round "2"]
[White "Szymczak, Zbigniew"]
[Black "Adamski, Jan"]
[Result "0-1"]
[WhiteElo "2200"]
[BlackElo "2405"]
[EventDate "1974.07.15"]
[PlyCount "76"]

1.d4 Nf6 2.c4 e6 3.Nf3 b6 4.g3 Ba6 5.Qa4 c5 6.Bg2 Bb7 7.O-O cxd4 8.Nxd4 
Bxg2 9.Kxg2 Qc8 10.Nc3 Bc5 11.Rd1 O-O 12.f3 Qb7 13.e4 Rc8 14.Bg5 Ne8 15.
Rd3 f6 16.Be3 Nd6 17.Rad1 Nf7 18.b3 a6 19.b4 Bf8 20.c5 Ne5 21.R3d2 Nc4 22.
Re2 bxc5 23.bxc5 Nb2 24.Rxb2 Qxb2+ 25.Nde2 Bxc5 26.Bxc5 Rxc5 27.Qd4 Rc7 
28.Rd2 Qa3 29.Nd5 Nc6 30.Qb6 Rca7 31.Ndc3 Rb8 32.Qe3 Rab7 33.Kf2 Ne5 34.
Qd4 Rc7 35.Kg2 Rbc8 36.f4 Nc4 37.Rd3 Qb2 38.Qf2 Nb6 0-1

[Event "10th PKWN Festival it"]
[Site "Lublin POL"]
[Date "1974.??.??"]
[Round "3"]
[White "Adamski, Jan"]
[Black "Nicevski, Risto"]
[Result "0-1"]
[WhiteElo "2405"]
[BlackElo "2430"]
[EventDate "1974.07.15"]
[PlyCount "90"]

1.c4 e5 2.Nc3 Nc6 3.e3 g6 4.d4 d6 5.Nf3 Bg7 6.Be2 Bd7 7.O-O Nh6 8.d5 Ne7 
9.e4 f6 10.b4 a5 11.bxa5 Rxa5 12.Nd2 b6 13.Nb3 Ra8 14.a4 f5 15.f3 f4 16.a5
g5 17.axb6 Rxa1 18.Nxa1 cxb6 19.Ba3 Nf7 20.Qb3 O-O 21.Rb1 Nc8 22.Na4 g4 
23.Nxb6 Nxb6 24.Qxb6 Qh4 25.fxg4 Bxg4 26.Qf2 Qh5 27.Re1 Ra8 28.Nc2 Ng5 29.
h4 Nf7 30.Bxg4 Qxg4 31.Ra1 Bf6 32.Qf3 Qxh4 33.Qh3 Qxh3 34.gxh3 Rc8 35.c5 
dxc5 36.Ne1 Nd6 37.Nd3 Nxe4 38.Re1 Ng5 39.Kg2 f3+ 40.Kg3 e4 41.Nxc5 Be5+ 
42.Kg4 f2 43.Rf1 e3 44.Nd3 Ne4 45.Nxf2 exf2 0-1

[Event "10th PKWN Festival it"]
[Site "Lublin POL"]
[Date "1974.??.??"]
[Round "3"]
[White "Anikaev, Yury"]
[Black "Damjanovic, Mato"]
[Result "1/2-1/2"]
[WhiteElo "2455"]
[BlackElo "2460"]
[EventDate "1974.07.15"]
[PlyCount "31"]

1.c4 g6 2.d4 Bg7 3.Nc3 c5 4.d5 d6 5.e4 Nf6 6.Be2 O-O 7.Nf3 e6 8.O-O exd5 
9.exd5 Na6 10.Bd3 Bg4 11.h3 Bxf3 12.Qxf3 Nd7 13.Qd1 Re8 14.Bd2 Bf8 15.g3 
Ne5 16.Be2 1/2-1/2

[Event "10th PKWN Festival it"]
[Site "Lublin POL"]
[Date "1974.??.??"]
[Round "3"]
[White "Pytel, Krzysztof"]
[Black "Lengyel, Levente"]
[Result "1/2-1/2"]
[WhiteElo "2405"]
[BlackElo "2420"]
[EventDate "1974.07.15"]
[PlyCount "32"]

1.d4 Nf6 2.c4 e6 3.Nc3 d5 4.Nf3 Be7 5.Bg5 O-O 6.e3 h6 7.Bh4 b6 8.Bd3 Bb7 
9.O-O Nbd7 10.Qe2 Ne4 11.Bg3 Bd6 12.Rac1 Bxg3 13.hxg3 Nxc3 14.Rxc3 dxc4 
15.Bxc4 c5 16.Rd1 Qe7 1/2-1/2

[Event "10th PKWN Festival it"]
[Site "Lublin POL"]
[Date "1974.??.??"]
[Round "3"]
[White "Sydor, Andrzej"]
[Black "Pribyl, Josef"]
[Result "1/2-1/2"]
[WhiteElo "2395"]
[BlackElo "2455"]
[EventDate "1974.07.15"]
[PlyCount "39"]

1.f4 d5 2.Nf3 g6 3.g3 Bg7 4.Bg2 c5 5.O-O Nc6 6.d3 Nf6 7.Nc3 O-O 8.e4 dxe4 
9.dxe4 e5 10.Qxd8 Rxd8 11.fxe5 Ng4 12.Bg5 Rf8 13.Nd5 Ngxe5 14.Nxe5 Bxe5 
15.c3 Kg7 16.Ne7 Be6 17.Nxc6 bxc6 18.Be7 Rfb8 19.Rf2 Rb5 20.Bf1 1/2-1/2

[Event "10th PKWN Festival it"]
[Site "Lublin POL"]
[Date "1974.??.??"]
[Round "3"]
[White "Tal, Mikhail"]
[Black "Szymczak, Zbigniew"]
[Result "1-0"]
[WhiteElo "2635"]
[BlackElo "2200"]
[EventDate "1974.07.15"]
[PlyCount "75"]

1.Nf3 Nf6 2.c4 g6 3.Nc3 d5 4.cxd5 Nxd5 5.Qa4+ Bd7 6.Qb3 Nb6 7.d4 Bg7 8.Bg5
O-O 9.Rd1 Bg4 10.e3 a5 11.Be2 h6 12.Bh4 a4 13.Qa3 Re8 14.h3 Be6 15.d5 Bd7 
16.O-O Bf8 17.Ne5 g5 18.Bh5 gxh4 19.Bxf7+ Kg7 20.Ne4 Bf5 21.Nc5 e6 22.dxe6
Qf6 23.Qc3 Bxc5 24.Bxe8 Na6 25.Bf7 Bb4 26.Qd4 Bc5 27.Qf4 Bd6 28.Rxd6 cxd6 
29.Ng4 Bxg4 30.Qxg4+ Kf8 31.Rd1 Rc8 32.Rxd6 Rc1+ 33.Kh2 Qe5+ 34.f4 Qxd6 
35.Qg8+ Ke7 36.Qe8+ Kf6 37.Bh5 Qxe6 38.Qf8+ 1-0

[Event "10th PKWN Festival it"]
[Site "Lublin POL"]
[Date "1974.??.??"]
[Round "3"]
[White "Vogt, Lothar"]
[Black "Georgadze, Tamaz"]
[Result "1/2-1/2"]
[WhiteElo "2430"]
[BlackElo "2435"]
[EventDate "1974.07.15"]
[PlyCount "52"]

1.e4 c5 2.Nf3 g6 3.d4 Bg7 4.Nc3 cxd4 5.Nxd4 Nc6 6.Be3 Nf6 7.Bc4 Qa5 8.O-O 
O-O 9.Bb3 d6 10.h3 Bd7 11.Re1 Rac8 12.Nd5 Qd8 13.Nb5 Nxd5 14.exd5 Na5 15.
Nd4 b5 16.c3 Re8 17.Qd2 Nc4 18.Bxc4 Rxc4 19.Nc2 Qa8 20.Bg5 Bf8 21.Rad1 Rc5
22.Be3 Rc7 23.Bh6 Bf5 24.Bxf8 Bxc2 25.Qxc2 Rxf8 26.Qd2 Rb8 1/2-1/2

[Event "10th PKWN Festival it"]
[Site "Lublin POL"]
[Date "1974.??.??"]
[Round "4"]
[White "Damjanovic, Mato"]
[Black "Vogt, Lothar"]
[Result "1-0"]
[WhiteElo "2460"]
[BlackElo "2430"]
[EventDate "1974.07.15"]
[PlyCount "95"]

1.e4 e5 2.Nf3 Nc6 3.Bb5 a6 4.Ba4 Nf6 5.O-O Be7 6.Re1 b5 7.Bb3 d6 8.c3 O-O 
9.h3 Nb8 10.d4 Nbd7 11.Nbd2 Bb7 12.Bc2 Re8 13.Nf1 Bf8 14.Ng3 g6 15.a4 c5 
16.d5 c4 17.Be3 Nc5 18.Nh2 Qd7 19.Bg5 Be7 20.f4 exf4 21.Bxf4 h5 22.Nf3 Nh7
23.Be3 Nxa4 24.Bxa4 bxa4 25.Rxa4 Rac8 26.Nh1 f5 27.Nd2 fxe4 28.Nxc4 Bd8 
29.Na3 Bf6 30.Nf2 Qf5 31.Nc4 Rcd8 32.Nb6 Bg5 33.Qd2 Bxe3 34.Qxe3 Nf6 35.c4
g5 36.Rf1 Qg6 37.Ra3 Re5 38.Qd4 Rde8 39.Re3 g4 40.hxg4 hxg4 41.Nh1 R8e7 
42.Ng3 Nh5 43.Nxh5 Qxh5 44.Rf4 Qg5 45.g3 Qg6 46.Qd1 Rg7 47.Qe2 Qh6 48.
Rexe4 1-0

[Event "10th PKWN Festival it"]
[Site "Lublin POL"]
[Date "1974.??.??"]
[Round "4"]
[White "Grabczewski, Romuald"]
[Black "Suba, Mihai"]
[Result "0-1"]
[WhiteElo "2425"]
[BlackElo "2460"]
[EventDate "1974.07.15"]
[PlyCount "138"]

1.e4 e6 2.d4 d5 3.Nd2 dxe4 4.Nxe4 Bd7 5.Nf3 Bc6 6.Bd3 Nd7 7.Qe2 Be7 8.Bf4 
Ngf6 9.Nxf6+ Bxf6 10.O-O-O Bxf3 11.Qxf3 c6 12.Kb1 Bxd4 13.c3 Bf6 14.Qg3 
Qa5 15.Bc7 Qg5 16.Qh3 Be5 17.Bxe5 Qxe5 18.Rhe1 Qf6 19.Qe3 Nb6 20.Bc2 O-O 
21.Rd4 g6 22.Rf4 Qg7 23.Rd4 Rfd8 24.Red1 Qf6 25.f4 Rd5 26.c4 Rxd4 27.Rxd4 
Rd8 28.Qe5 Qe7 29.b3 Rxd4 30.Qxd4 Qb4 31.Qd8+ Kg7 32.Qd4+ f6 33.Qe4 Qd6 
34.h4 Nd7 35.h5 Nc5 36.Qe3 b6 37.hxg6 hxg6 38.a3 Nd7 39.Qe4 f5 40.Qe3 Kf7 
41.Ka2 Nf6 42.b4 Ng4 43.Qd3 Qxd3 44.Bxd3 Nf6 45.Be2 Ke7 46.c5 bxc5 47.bxc5
Nh5 48.Bf3 Nxf4 49.Bxc6 Nd3 50.Kb3 Nxc5+ 51.Kc4 Kd6 52.Be8 g5 53.Bg6 f4 
54.Bh5 e5 55.Bd1 Ne4 56.Be2 Ng3 57.Bg4 e4 58.Kd4 e3 59.Kd3 Kc5 60.Bd1 Nh1 
61.Bf3 Nf2+ 62.Ke2 g4 63.Bb7 Kd4 64.Bc8 a5 65.a4 Ke4 66.Bb7+ Kd4 67.Bc8 g3
68.Bf5 Ne4 69.Bd7 Nc3+ 0-1

[Event "10th PKWN Festival it"]
[Site "Lublin POL"]
[Date "1974.??.??"]
[Round "4"]
[White "Lengyel, Levente"]
[Black "Sydor, Andrzej"]
[Result "1/2-1/2"]
[WhiteElo "2420"]
[BlackElo "2395"]
[EventDate "1974.07.15"]
[PlyCount "50"]

1.d4 Nf6 2.c4 e6 3.Nf3 d5 4.Nc3 Bb4 5.cxd5 exd5 6.Bg5 Qd6 7.Nd2 c6 8.e3 
Nbd7 9.Qc2 O-O 10.Bd3 Re8 11.O-O Nf8 12.a3 Ba5 13.b4 Bb6 14.Bf4 Qe7 15.h3 
Nh5 16.Bh2 g5 17.b5 g4 18.hxg4 Bxg4 19.bxc6 bxc6 20.Bf5 Qg5 21.Bxg4 Qxg4 
22.Qd1 Qg6 23.Nf3 f6 24.Qb1 Qg4 25.Na4 Nd7 1/2-1/2

[Event "10th PKWN Festival it"]
[Site "Lublin POL"]
[Date "1974.??.??"]
[Round "4"]
[White "Szymczak, Zbigniew"]
[Black "Nicevski, Risto"]
[Result "1/2-1/2"]
[WhiteElo "2200"]
[BlackElo "2430"]
[EventDate "1974.07.15"]
[PlyCount "101"]

1.Nf3 g6 2.c4 Bg7 3.d4 Nf6 4.g3 O-O 5.Bg2 c5 6.O-O Nc6 7.Nc3 d6 8.d5 Na5 
9.Nd2 e5 10.Qc2 Ng4 11.e4 f5 12.exf5 gxf5 13.h3 Nf6 14.b3 b6 15.Bb2 Nb7 
16.Rae1 Bd7 17.f4 e4 18.Nd1 Rf7 19.Ne3 Qf8 20.Qd1 Re8 21.Qe2 Rfe7 22.Ba1 
h5 23.Kh1 Qf7 24.Rf2 Qg6 25.Rg1 Kf7 26.Bf1 Rh8 27.Rh2 Ree8 28.Qd1 Ke7 29.
a3 Rh7 30.Be2 Reh8 31.Qb1 Kd8 32.b4 Kc7 33.Nb3 Ne8 34.Bxg7 Rxg7 35.Qb2 Qf6
36.Qxf6 Nxf6 37.Bd1 Rhg8 38.Rhg2 Nd8 39.Kh2 Nf7 40.Nc1 Nh6 41.Na2 Be8 42.
Nc3 a6 43.Bc2 Bd7 44.Rb1 Rb8 45.Bd1 Rgg8 46.Rgb2 Rgc8 47.bxc5 bxc5 48.Rxb8
Rxb8 49.Rxb8 Kxb8 50.Kg2 Kc7 51.Kf2 1/2-1/2

[Event "10th PKWN Festival it"]
[Site "Lublin POL"]
[Date "1974.??.??"]
[Round "4"]
[White "Tal, Mikhail"]
[Black "Anikaev, Yury"]
[Result "1/2-1/2"]
[WhiteElo "2635"]
[BlackElo "2455"]
[EventDate "1974.07.15"]
[PlyCount "38"]

1.e4 c5 2.Nf3 Nc6 3.d4 cxd4 4.Nxd4 d6 5.c4 Nf6 6.Nc3 e6 7.Be2 Be7 8.O-O 
O-O 9.Be3 Bd7 10.Nc2 Qb8 11.Qd2 Rd8 12.Rfd1 Be8 13.f3 b6 14.Qe1 Ne5 15.Nd4
Qc7 16.Rac1 Rac8 17.Qg3 Qb7 18.b3 Ng6 19.f4 Nxe4 1/2-1/2

[Event "10th PKWN Festival it"]
[Site "Lublin POL"]
[Date "1974.??.??"]
[Round "5"]
[White "Adamski, Jan"]
[Black "Grabczewski, Romuald"]
[Result "1-0"]
[WhiteElo "2405"]
[BlackElo "2425"]
[EventDate "1974.07.15"]
[PlyCount "79"]

1.Nf3 Nf6 2.c4 e6 3.g3 d5 4.Bg2 Be7 5.O-O O-O 6.d4 b6 7.Nc3 Bb7 8.Ne5 c6 
9.e4 Nbd7 10.Nxc6 Bxc6 11.exd5 exd5 12.cxd5 Bb7 13.d6 Bxg2 14.dxe7 Qxe7 
15.Kxg2 Rfd8 16.Qb3 Nf8 17.Rd1 Ne6 18.d5 Qb7 19.Be3 Nc7 20.Bg5 Ncxd5 21.
Nxd5 Rxd5 22.Qf3 Rad8 23.Rxd5 Qxd5 24.Qxd5 Rxd5 25.Rc1 h6 26.Rc8+ Kh7 27.
Bxf6 gxf6 28.Rc7 Ra5 29.a3 Kg6 30.Kf3 Rb5 31.b4 a5 32.Rc4 Rd5 33.Ke3 h5 
34.Rd4 Rf5 35.f4 axb4 36.axb4 Rb5 37.Kd3 h4 38.g4 f5 39.g5 f6 40.gxf6 1-0

[Event "10th PKWN Festival it"]
[Site "Lublin POL"]
[Date "1974.??.??"]
[Round "5"]
[White "Nicevski, Risto"]
[Black "Liebert, Heinz"]
[Result "1-0"]
[WhiteElo "2430"]
[BlackElo "2445"]
[EventDate "1974.07.15"]
[PlyCount "65"]

1.e4 e6 2.d3 d5 3.Nd2 Nf6 4.Ngf3 b6 5.c3 Be7 6.Qa4+ c6 7.e5 Nfd7 8.d4 Qc7 
9.Bd3 a5 10.O-O Ba6 11.Bxa6 Nxa6 12.Re1 O-O 13.Nf1 b5 14.Qc2 c5 15.Bg5 
Rfe8 16.Bxe7 Rxe7 17.Qd2 b4 18.Ng3 Ree8 19.Nh5 Qd8 20.a3 bxc3 21.bxc3 Rb8 
22.h4 h6 23.Qf4 Qe7 24.Re3 Rb6 25.Nh2 Kh7 26.Rg3 Rg8 27.Ng4 Qf8 28.Re1 Rb3
29.Ree3 Rxa3 30.Nxg7 Rxg7 31.Qxh6+ Kg8 32.Nf6+ Nxf6 33.exf6 1-0

[Event "10th PKWN Festival it"]
[Site "Lublin POL"]
[Date "1974.??.??"]
[Round "5"]
[White "Pytel, Krzysztof"]
[Black "Damjanovic, Mato"]
[Result "1-0"]
[WhiteElo "2405"]
[BlackElo "2460"]
[EventDate "1974.07.15"]
[PlyCount "85"]

1.d4 Nf6 2.c4 c5 3.d5 g6 4.Nc3 d6 5.e4 Bg7 6.Nf3 O-O 7.h3 e6 8.Bd3 exd5 9.
exd5 Re8+ 10.Be3 Bh6 11.O-O Bxe3 12.fxe3 Qe7 13.e4 Nbd7 14.Qd2 a6 15.Rf2 
Kg7 16.Raf1 Rf8 17.a3 Ne8 18.b4 f6 19.Bc2 Ne5 20.Nxe5 Qxe5 21.bxc5 dxc5 
22.Na4 Nd6 23.Nxc5 Nxc4 24.Qb4 b5 25.a4 Qg3 26.Rf3 Qe5 27.R3f2 Qg3 28.Rf3 
Qe5 29.Kh1 a5 30.Qc3 Qd6 31.axb5 Ne5 32.R3f2 Bd7 33.Ba4 Rac8 34.Rc2 Nd3 
35.Qxd3 Rxc5 36.Rfc1 Rfc8 37.Qa3 Rxc2 38.Qxd6 Rxc1+ 39.Kh2 Be8 40.Qe7+ Bf7
41.b6 Rb8 42.b7 Rc4 43.Bc6 1-0

[Event "10th PKWN Festival it"]
[Site "Lublin POL"]
[Date "1974.??.??"]
[Round "5"]
[White "Suba, Mihai"]
[Black "Pribyl, Josef"]
[Result "0-1"]
[WhiteElo "2460"]
[BlackElo "2455"]
[EventDate "1974.07.15"]
[PlyCount "66"]

1.c4 Nf6 2.Nc3 d5 3.cxd5 Nxd5 4.g3 g6 5.Bg2 Nb6 6.h4 h6 7.f4 N8d7 8.a4 a5 
9.h5 gxh5 10.e4 Rg8 11.Nge2 Nf6 12.d4 Bg4 13.Qb3 e6 14.f5 exf5 15.e5 Ne4 
16.e6 Qe7 17.Bxe4 fxe4 18.Qb5+ Kd8 19.exf7 Qxf7 20.Bf4 Bf3 21.O-O Qe6 22.
Rac1 Bd6 23.Kf2 h4 24.gxh4 Rg2+ 25.Ke1 Nd5 26.Qxb7 Nxc3 27.Qxa8+ Kd7 28.
Rc2 Qc4 29.Nxc3 Rxc2 30.Rxf3 exf3 31.Qxf3 Rxb2 32.Bxd6 cxd6 33.Qf5+ Qe6+ 
0-1

[Event "10th PKWN Festival it"]
[Site "Lublin POL"]
[Date "1974.??.??"]
[Round "5"]
[White "Vogt, Lothar"]
[Black "Tal, Mikhail"]
[Result "1/2-1/2"]
[WhiteElo "2430"]
[BlackElo "2635"]
[EventDate "1974.07.15"]
[PlyCount "57"]

1.e4 c5 2.Nf3 d6 3.d4 cxd4 4.Nxd4 Nf6 5.Nc3 a6 6.Be2 e5 7.Nb3 Be6 8.f4 Qc7
9.g4 exf4 10.g5 Nfd7 11.Bxf4 Nc6 12.Qd2 Nb6 13.O-O-O O-O-O 14.Rhg1 Ne5 15.
Nd5 Bxd5 16.exd5 g6 17.Qd4 Kb8 18.Rg3 Rc8 19.Rc3 Qd8 20.Rxc8+ Nxc8 21.c4 
Be7 22.h4 f6 23.Kb1 Qb6 24.Qe4 Nd7 25.gxf6 Bxf6 26.Qe6 Be5 27.Bxe5 Nxe5 
28.c5 Qb4 29.cxd6 1/2-1/2

[Event "10th PKWN Festival it"]
[Site "Lublin POL"]
[Date "1974.??.??"]
[Round "6"]
[White "Anikaev, Yury"]
[Black "Vogt, Lothar"]
[Result "1/2-1/2"]
[WhiteElo "2455"]
[BlackElo "2430"]
[EventDate "1974.07.15"]
[PlyCount "28"]

1.d4 Nf6 2.Nf3 g6 3.Bf4 Bg7 4.h3 O-O 5.e3 b6 6.Nbd2 Bb7 7.Be2 d6 8.O-O 
Nbd7 9.Bh2 Re8 10.Nc4 Ne4 11.a4 a6 12.Nfd2 Nxd2 13.Nxd2 e5 14.c3 Nf6 
1/2-1/2

[Event "10th PKWN Festival it"]
[Site "Lublin POL"]
[Date "1974.??.??"]
[Round "6"]
[White "Damjanovic, Mato"]
[Black "Sydor, Andrzej"]
[Result "1/2-1/2"]
[WhiteElo "2460"]
[BlackElo "2395"]
[EventDate "1974.07.15"]
[PlyCount "45"]

1.e4 e5 2.Nf3 Nc6 3.Bb5 a6 4.Ba4 Nf6 5.O-O Nxe4 6.d4 b5 7.Bb3 d5 8.dxe5 
Be6 9.c3 Bc5 10.Nbd2 O-O 11.Bc2 Nxf2 12.Rxf2 f6 13.exf6 Bxf2+ 14.Kxf2 Qxf6
15.Kg1 Rae8 16.Nf1 Ne5 17.Be3 Nxf3+ 18.Qxf3 Qxf3 19.gxf3 Rxf3 20.Bd1 Rf7 
21.Bb3 c6 22.Re1 Bh3 23.Nd2 1/2-1/2

[Event "10th PKWN Festival it"]
[Site "Lublin POL"]
[Date "1974.??.??"]
[Round "6"]
[White "Georgadze, Tamaz"]
[Black "Estrin, Yakov"]
[Result "0-1"]
[WhiteElo "2435"]
[BlackElo "2450"]
[EventDate "1974.07.15"]
[PlyCount "92"]

1.e4 e5 2.Nf3 Nc6 3.Bb5 a6 4.Ba4 Nf6 5.Qe2 Be7 6.d4 exd4 7.e5 Nd5 8.Qe4 
Nb6 9.Bxc6 dxc6 10.Nxd4 Qd5 11.Nd2 O-O 12.O-O f6 13.N4f3 fxe5 14.Qxe5 Bd6 
15.Qd4 Bf5 16.c3 Rae8 17.b3 Bc5 18.Qxd5+ cxd5 19.Bb2 Re2 20.Rae1 Rfe8 21.
Rxe2 Rxe2 22.Bc1 Bd3 23.Nd4 Re8 24.Rd1 Bd6 25.Nf1 Bg6 26.Be3 Nd7 27.Ne2 
Nf6 28.f3 c6 29.Kf2 Bc7 30.h4 Rf8 31.Ke1 Nd7 32.Bd4 Bd8 33.Bf2 Ne5 34.Kd2 
Nd3 35.Bg3 h5 36.Nc1 Nf4 37.Ne3 d4 38.Nc4 dxc3+ 39.Kxc3 Bf6+ 40.Kb4 Nxg2 
41.Rg1 Be7+ 42.Ka5 Rf5+ 43.Ne5 Nxh4 44.Kb6 Nxf3 45.Nxg6 Bc5+ 46.Kxb7 Nxg1 
0-1

[Event "10th PKWN Festival it"]
[Site "Lublin POL"]
[Date "1974.??.??"]
[Round "6"]
[White "Grabczewski, Romuald"]
[Black "Nicevski, Risto"]
[Result "1-0"]
[WhiteElo "2425"]
[BlackElo "2430"]
[EventDate "1974.07.15"]
[PlyCount "62"]

1.e4 c5 2.Nf3 e6 3.d4 cxd4 4.Nxd4 Nf6 5.Nc3 d6 6.g4 a6 7.g5 Nfd7 8.Bc4 Ne5
9.Bb3 Nbc6 10.Nxc6 bxc6 11.Be3 Qa5 12.f4 Nd7 13.Qe2 Nc5 14.O-O Be7 15.Qf2 
Rb8 16.f5 exf5 17.exf5 Rb4 18.Rae1 Nxb3 19.axb3 O-O 20.f6 gxf6 21.gxf6 
Rg4+ 22.Kh1 c5 23.Nd5 Bb7 24.Qf3 Bxd5 25.Qxd5 Bxf6 26.Qxd6 Bxb2 27.Bxc5 
Bg7 28.Qd7 Qxc5 29.Qxg4 Qxc2 30.Rg1 Qc3 31.Re3 f5 1-0

[Event "10th PKWN Festival it"]
[Site "Lublin POL"]
[Date "1974.??.??"]
[Round "6"]
[White "Lengyel, Levente"]
[Black "Suba, Mihai"]
[Result "0-1"]
[WhiteElo "2420"]
[BlackElo "2460"]
[EventDate "1974.07.15"]
[PlyCount "92"]

1.d4 Nf6 2.c4 g6 3.g3 Bg7 4.Bg2 O-O 5.Nc3 d6 6.Nf3 Nbd7 7.O-O e5 8.e4 c6 
9.Rb1 Re8 10.Re1 Ng4 11.h3 exd4 12.Nxd4 Qb6 13.hxg4 Bxd4 14.Rf1 a5 15.Bf3 
Ne5 16.Be2 Nxg4 17.Bxg4 Bxg4 18.Qxg4 Bxc3 19.Bf4 Be5 20.Rfd1 Qc5 21.b3 
Bxf4 22.Qxf4 Re6 23.Rd3 Rae8 24.Rf3 R8e7 25.Rd1 Rxe4 26.Qxd6 Qh5 27.Kg2 
Qe5 28.Qxe5 R4xe5 29.Rd8+ Kg7 30.Ra8 Rd7 31.Ra7 h5 32.Rc3 Rc5 33.Re3 g5 
34.Re2 Kg6 35.Kh2 f6 36.Kg2 Rh7 37.Re8 h4 38.gxh4 gxh4 39.Rb8 h3+ 40.Kh2 
Rf5 41.Rg8+ Kf7 42.Rg1 Ke6 43.Re1+ Kd6 44.Re2 Kc7 45.Ra8 Kb6 46.Rg8 Rh4 
0-1

[Event "10th PKWN Festival it"]
[Site "Lublin POL"]
[Date "1974.??.??"]
[Round "6"]
[White "Tal, Mikhail"]
[Black "Pytel, Krzysztof"]
[Result "1-0"]
[WhiteElo "2635"]
[BlackElo "2405"]
[EventDate "1974.07.15"]
[PlyCount "71"]

1.e4 e5 2.Nf3 Nc6 3.Bb5 a6 4.Ba4 d6 5.O-O Nf6 6.Re1 Bd7 7.Bxc6 bxc6 8.d4 
exd4 9.e5 dxe5 10.Nxe5 Be6 11.Nxc6 Qd5 12.Qf3 Qxf3 13.gxf3 Bc5 14.b4 Bb6 
15.Bb2 Nd5 16.a3 O-O 17.Nxd4 Nf4 18.Nd2 Rad8 19.Nxe6 fxe6 20.Nc4 Nh3+ 21.
Kg2 Nf4+ 22.Kf1 Rd5 23.Rad1 Rh5 24.Rd7 Rf7 25.Rd8+ Rf8 26.Rxf8+ Kxf8 27.
Re4 g5 28.Bc1 Ke7 29.Nxb6 cxb6 30.Kg1 Rh4 31.c4 Kd6 32.Be3 b5 33.c5+ Kd5 
34.Rd4+ Ke5 35.c6 Nd5 36.Rxd5+ 1-0